[Event "Lansing January Mini-Swiss.1"]
[Site "?"]
[Date "1995.01.08"]
[Round "3"]
[White "Aldrich, Jeff"]
[Black "Mankiewicz, Ryan"]
[Result "0-1"]
[WhiteElo "1919"]
[BlackElo "1942"]
[PlyCount "90"]
[EventDate "1995.??.??"]

1. d4 d5 2. c4 c6 3. Nc3 Nf6 4. Nf3 dxc4 5. a4 Bf5 6. e3 e6 7. Bxc4 Bb4 8. O-O
Nbd7 9. Qb3 a5 10. Bd2 O-O 11. Rfe1 Bxc3 12. Bxc3 Qb6 13. Nd2 Qxb3 14. Bxb3 b6
15. e4 Bg6 16. f3 Rfc8 17. Nc4 c5 18. Rad1 Kf8 19. d5 exd5 20. exd5 Re8 21. Nd6
Rxe1+ 22. Bxe1 Ne5 23. Bg3 Nd3 24. Rd2 Rd8 25. Bc4 Nb4 26. Nb5 Rd7 27. d6 Nh5
28. Nc3 Nxg3 29. hxg3 f6 30. Bb5 Rd8 31. g4 Bf7 32. d7 Be6 33. Ne4 Ke7 34. g5
f5 35. Ng3 g6 36. Re2 Nd5 37. Nf1 Nc7 38. Bc6 Kd6 39. Bb5 Nxb5 40. axb5 Bxd7
41. Ne3 Bxb5 42. Rd2+ Kc7 43. Rxd8 Kxd8 44. Nd5 Bc4 45. Nxb6 Bb3 0-1

[Event "Lansing January Mini-Swiss.1"]
[Site "?"]
[Date "1995.01.08"]
[Round "2"]
[White "Aldrich, Jeff"]
[Black "Decker, Dale"]
[Result "1-0"]
[WhiteElo "1919"]
[BlackElo "1923"]
[PlyCount "79"]
[EventDate "1995.??.??"]

1. d4 Nf6 2. c4 e5 3. dxe5 Ng4 4. Nf3 Nc6 5. Nc3 Ngxe5 6. Nxe5 Nxe5 7. e3 Bb4
8. Bd2 O-O 9. a3 Bxc3 10. Bxc3 d6 11. Be2 Qg5 12. Bxe5 dxe5 13. Bf3 Be6 14. Qe2
c6 15. O-O f5 16. e4 f4 17. Rfd1 Rad8 18. b4 Qf6 19. Bg4 Qg6 20. Bxe6+ Qxe6 21.
c5 f3 22. gxf3 Qh3 23. Rxd8 Rxd8 24. Rd1 Rf8 25. Qc4+ Kh8 26. Qf7 Qc8 27. Qe7
h6 28. Rd7 Rg8 29. Rxb7 Qh3 30. Qf7 Qh4 31. Qf5 Rd8 32. Qxe5 Qf6 33. Qxf6 gxf6
34. Rxa7 f5 35. Rc7 Ra8 36. Rxc6 Rxa3 37. Kg2 Rb3 38. Rb6 fxe4 39. fxe4 Rc3 40.
c6 1-0

[Event "Lansing February Mini-Swiss.2"]
[Site "?"]
[Date "1995.02.05"]
[Round "2"]
[White "Ford, William"]
[Black "Aldrich, Jeff"]
[Result "1-0"]
[WhiteElo "1823"]
[BlackElo "1900"]
[PlyCount "65"]
[EventDate "1995.??.??"]

1. d4 Nf6 2. Nf3 d5 3. e3 Bg4 4. Be2 e6 5. O-O c5 6. c4 Nc6 7. Nc3 Be7 8. cxd5
Nxd5 9. Nxd5 Qxd5 10. dxc5 Qxc5 11. Qa4 Bh5 12. Bd2 Bf6 13. Rac1 Qb6 14. b4 O-O
15. b5 Ne7 16. Rfe1 a6 17. bxa6 bxa6 18. Rb1 Qc6 19. Qa5 Rfb8 20. Rxb8+ Rxb8
21. Qxh5 Nf5 22. Qg4 Rb2 23. Qc4 Qb7 24. Bc3 Rb1 25. Rxb1 Qxb1+ 26. Bf1 h6 27.
Bxf6 gxf6 28. Qxa6 Ne7 29. a4 Nd5 30. a5 Kg7 31. Qd3 Qa1 32. a6 Nc3 33. a7 1-0

[Event "Lansing February Mini-Swiss.2"]
[Site "?"]
[Date "1995.02.05"]
[Round "3"]
[White "Aldrich, Jeff"]
[Black "Fuller, William"]
[Result "1-0"]
[WhiteElo "1900"]
[BlackElo "2096"]
[PlyCount "121"]
[EventDate "1995.??.??"]

1. d4 {Cross-Section Game} Nf6 2. c4 c5 3. d5 b5 4. cxb5 a6 5. bxa6 Bxa6 6. Nc3
d6 7. g3 g6 8. Bg2 Bg7 9. Nf3 O-O 10. O-O Nbd7 11. a4 Qb6 12. Rb1 Rfb8 13. b4
cxb4 14. Nb5 Bxb5 15. axb5 Qxb5 16. Nd4 Qc4 17. Nc6 Rb7 18. Nxe7+ Kf8 19. Nc6
Ne4 20. Bxe4 Qxe4 21. Bf4 Ne5 22. f3 Qf5 23. Rxb4 Rxb4 24. Nxb4 Nc4 25. Qb3 g5
26. Qxc4 gxf4 27. Qxf4 Qxf4 28. gxf4 Bd4+ 29. Kg2 f5 30. e4 Kf7 31. Nc6 Be3 32.
Kg3 Rg8+ 33. Kh3 Bxf4 34. Rb1 Rg5 35. Rb7+ Kg6 36. Ne7+ Kf6 37. Nxf5 h5 38. Rh7
Rg1 39. Rxh5 Rh1 40. Kg2 Ra1 41. Ng3 Kg6 42. Rf5 Be5 43. f4 Bd4 44. Rf8 Ra2+
45. Kh3 Bg1 46. f5+ Kg7 47. Rd8 Rxh2+ 48. Kg4 Rg2 49. Rd7+ Kf8 50. Rxd6 Bf2 51.
Kf3 Rh2 52. Rg6 Bd4 53. d6 Kf7 54. Re6 Rf2+ 55. Kg4 Rg2 56. d7 Bf2 57. Kf3
Rxg3+ 58. Kxf2 Rg8 59. Re8 Rg7 60. d8=Q Rg8 61. Qe7# 1-0

[Event "Lansing February Mini-Swiss.2"]
[Site "?"]
[Date "1995.02.05"]
[Round "1"]
[White "Aldrich, Jeff"]
[Black "Anderson, Gale"]
[Result "0-1"]
[WhiteElo "1900"]
[BlackElo "1799"]
[PlyCount "112"]
[EventDate "1995.??.??"]

1. d4 g6 2. c4 Bg7 3. Nc3 Nf6 4. e4 d6 5. Be2 Nbd7 6. f4 b6 7. Nf3 Bb7 8. Qc2
e6 9. O-O Qe7 10. e5 Ng8 11. Nb5 Kd8 12. b4 Nh6 13. c5 bxc5 14. bxc5 dxc5 15.
Rd1 a6 16. dxc5 Bd5 17. Nd6 Nf5 18. Ng5 Rf8 19. Ba3 Ne3 20. Qa4 Nxd1 21. Rxd1
Bxe5 22. Rxd5 exd5 23. Nb7+ Ke8 24. c6 Nb6 25. Qb3 Bd4+ 26. Kf1 Qe3 27. Qxe3+
Bxe3 28. Bxf8 Kxf8 29. g3 h6 30. Nf3 f6 31. Bd3 Kf7 32. Nh4 f5 33. Nf3 Nc4 34.
Bxc4 dxc4 35. Ne5+ Ke6 36. Nxc4 Bd4 37. Kg2 Kd5 38. Nba5 Re8 39. Kf3 Re1 40. g4
fxg4+ 41. Kxg4 Re2 42. h4 Rg2+ 43. Kf3 Rxa2 44. Kg4 Rg2+ 45. Kf3 Rc2 46. Ne3+
Bxe3 47. Kxe3 Rxc6 48. Nxc6 Kxc6 49. f5 gxf5 50. Kf4 a5 51. Kxf5 a4 52. Kg6 a3
53. Kxh6 a2 54. Kh7 a1=Q 55. h5 Qb1+ 56. Kg7 Qb2+ 0-1

[Event "Atlantic Class Championship"]
[Site "Harpers Ferry, W. Va."]
[Date "1995.03.10"]
[Round "1"]
[White "Strenzwilk, Denis"]
[Black "Moody, David"]
[Result "1-0"]
[WhiteElo "2227"]
[BlackElo "2002"]
[PlyCount "57"]
[EventDate "1995.03.10"]

1. e4 e5 2. Nf3 Nc6 3. Bb5 a6 4. Ba4 Nf6 5. O-O Be7 6. Re1 b5 7. Bb3 O-O 8. c3
d5 9. exd5 Nxd5 10. Nxe5 Nxe5 11. Rxe5 c6 12. d4 Bd6 13. Re1 Qh4 14. g3 Qh3 15.
Qd3 Bg4 16. Be3 Rae8 17. Nd2 Re6 18. Qf1 Qh5 19. a4 bxa4 20. Rxa4 f5 21. f4 g5
22. Raa1 Kh8 23. Bxd5 cxd5 24. Qf2 Rfe8 25. fxg5 f4 26. gxf4 Qh3 27. Nf1 Re4
28. Ng3 R4e6 29. Bd2 1-0

[Event "Atlantic Class Championship"]
[Site "Harpers Ferry, W. Va."]
[Date "1995.03.11"]
[Round "2"]
[White "Moody, David"]
[Black "Cantwell, Richard"]
[Result "0-1"]
[WhiteElo "2002"]
[BlackElo "2116"]
[PlyCount "78"]
[EventDate "1995.03.10"]

1. e4 Nf6 2. Nc3 d5 3. e5 Nfd7 4. e6 fxe6 5. d4 g6 6. Nf3 Bg7 7. Bd3 O-O 8. Qe2
e5 9. Nxd5 exd4 10. Nxe7+ Kh8 11. Ng5 Ne5 12. Nxc8 Nxd3+ 13. Qxd3 Re8+ 14. Kf1
Qxc8 15. Qb3 h6 16. h4 c5 17. Nf7+ Kh7 18. h5 Qe6 19. hxg6+ Kxg6 20. Qxe6+ Rxe6
21. Nxh6 Nc6 22. Ng4 Rae8 23. Bd2 Re2 24. Rd1 c4 25. Rh3 b5 26. Re1 Rxe1+ 27.
Bxe1 b4 28. b3 c3 29. Rd3 a5 30. f3 Na7 31. Nf2 Nb5 32. Rd1 Na3 33. Ne4 Nxc2
34. Bf2 Na3 35. g4 c2 36. Rc1 d3 37. Be1 Bb2 38. Bd2 Nb1 39. Ke1 Bc3 0-1

[Event "Atlantic Class Championship"]
[Site "Harpers Ferry, W. Va."]
[Date "1995.03.11"]
[Round "3"]
[White "Carter, Ransom"]
[Black "Moody, David"]
[Result "1-0"]
[WhiteElo "1800"]
[BlackElo "2002"]
[PlyCount "73"]
[EventDate "1995.03.10"]

1. d4 Nf6 2. c4 c5 3. Nf3 cxd4 4. Nxd4 g6 5. g3 Bg7 6. Bg2 O-O 7. O-O Nc6 8.
Nc3 a6 9. Rb1 Qb6 10. Nc2 Ng4 11. Nd5 Qa5 12. a3 e6 13. b4 Qd8 14. Nde3 Nxe3
15. Nxe3 d6 16. Bb2 Qc7 17. Qc2 Nd4 18. Qd3 e5 19. Nd5 Qd8 20. e3 Bf5 21. e4
Be6 22. c5 dxc5 23. bxc5 Rc8 24. Bxd4 exd4 25. Rfc1 Bxd5 26. exd5 Qa5 27. Rxb7
Rxc5 28. Rxc5 Qxc5 29. Qxa6 Re8 30. d6 Re1+ 31. Bf1 Qd5 32. d7 d3 33. Rb8+ Bf8
34. Qa8 Qxd7 35. Rxf8+ Kg7 36. Rd8 Qb5 37. Qd5 1-0

[Event "Lansing March Mini-Swiss.2"]
[Site "?"]
[Date "1995.03.12"]
[Round "1"]
[White "Walker, LeRoy"]
[Black "Aldrich, Jeff"]
[Result "1/2-1/2"]
[WhiteElo "1933"]
[BlackElo "1900"]
[PlyCount "42"]
[EventDate "1995.??.??"]

1. Nf3 Nf6 2. c4 e6 3. g3 d5 4. d4 c6 5. Bg2 Nbd7 6. cxd5 exd5 7. O-O Bd6 8.
Nc3 O-O 9. a3 Qe7 10. b4 Nb6 11. Bg5 h6 12. Bxf6 Qxf6 13. b5 Bf5 14. bxc6 bxc6
15. Nd2 Qe6 16. Re1 Bh3 17. e4 Bxg2 18. Kxg2 Qg6 19. exd5 cxd5 20. Nb5 Rfc8 21.
Nf3 Nc4 1/2-1/2

[Event "Lansing March Mini-Swiss.2"]
[Site "?"]
[Date "1995.03.12"]
[Round "3"]
[White "Triplett, Thomas"]
[Black "Aldrich, Jeff"]
[Result "0-1"]
[WhiteElo "1944"]
[BlackElo "1900"]
[PlyCount "92"]
[EventDate "1995.??.??"]

1. e4 c6 2. d4 d5 3. e5 Bf5 4. Nf3 e6 5. Be2 Ne7 6. Nh4 c5 7. dxc5 Nbc6 8. Bb5
Qa5+ 9. Nc3 O-O-O 10. Nxf5 exf5 11. Bxc6 Nxc6 12. O-O Bxc5 13. a3 d4 14. Ne2
Nxe5 15. Bf4 Bb6 16. b4 Qd5 17. a4 f6 18. Bd2 h5 19. Nc1 h4 20. h3 g5 21. a5
Bc7 22. Nd3 g4 23. Nf4 Qg8 24. Kh1 Nc4 25. Qc1 Nxd2 26. Qxd2 Qg5 27. g3 hxg3
28. fxg3 Rxh3+ 29. Kg2 Rdh8 30. Rh1 Bxf4 31. Qxf4 Qxf4 32. gxf4 Rxh1 33. Rxh1
Rxh1 34. Kxh1 Kd7 35. Kg2 Kd6 36. Kf2 Kd5 37. Ke2 Ke4 38. b5 Kxf4 39. Kd3 Ke5
40. Kc4 g3 41. Kc5 g2 42. a6 bxa6 43. bxa6 g1=Q 44. Kc6 Qb1 45. Kc7 Qb6+ 46.
Kc8 Kd6 0-1

[Event "Atlantic Class Championship"]
[Site "Harpers Ferry, W. Va."]
[Date "1995.03.12"]
[Round "5"]
[White "Moody, David"]
[Black "Peters, Thomas"]
[Result "1/2-1/2"]
[WhiteElo "2002"]
[BlackElo "2124"]
[PlyCount "74"]
[EventDate "1995.03.10"]

1. e4 d5 2. Nc3 d4 3. Nce2 e5 4. Ng3 Nc6 5. Nf3 Bd6 6. Bc4 Nf6 7. d3 O-O 8. O-O
Bg4 9. h3 Bxf3 10. Qxf3 Na5 11. Bb3 c5 12. Bg5 Be7 13. Nf5 Nxb3 14. axb3 Nd5
15. Nxe7+ Nxe7 16. Qg4 f6 17. Qe6+ Rf7 18. Bd2 Nc6 19. Qc4 Qd6 20. f4 a6 21.
fxe5 Nxe5 22. Qa4 Qc6 23. Bf4 Qxa4 24. bxa4 Re7 25. Bxe5 Rxe5 26. a5 c4 27. Ra4
Rc8 28. Rf5 Kf7 29. Rxe5 cxd3 30. Re7+ Kxe7 31. cxd3 Rc1+ 32. Kh2 Rc5 33. Rb4
Rb5 34. Rxb5 axb5 35. b4 Ke6 36. g4 Ke5 37. Kg3 g5 1/2-1/2

[Event "Atlantic Class Championship"]
[Site "Harpers Ferry, W. Va."]
[Date "1995.03.12"]
[Round "4"]
[White "Kleist, Fred"]
[Black "Moody, David"]
[Result "1-0"]
[WhiteElo "2145"]
[BlackElo "2002"]
[PlyCount "49"]
[EventDate "1995.03.10"]

1. d4 Nf6 2. c4 c5 3. Nf3 cxd4 4. Nxd4 Nc6 5. Nc3 g6 6. g3 Bg7 7. Bg2 Nxd4 8.
Qxd4 O-O 9. O-O d6 10. Rd1 Ng4 11. Qd2 Be6 12. h3 Ne5 13. b3 Qd7 14. Kh2 f5 15.
f4 Nc6 16. Bb2 Bf7 17. e4 fxe4 18. Nxe4 Qc7 19. Ng5 Rad8 20. Nxf7 Kxf7 21. Bd5+
e6 22. Bxg7 Kxg7 23. Bxe6 Rfe8 24. Qc3+ Kh6 25. g4 1-0

[Event "Lansing March Mini-Swiss.2"]
[Site "?"]
[Date "1995.03.12"]
[Round "2"]
[White "Aldrich, Jeff"]
[Black "Garrison, Ray"]
[Result "1-0"]
[WhiteElo "1900"]
[BlackElo "1944"]
[PlyCount "131"]
[EventDate "1995.??.??"]

1. d4 c5 2. d5 Nf6 3. c4 Ne4 4. Qc2 Qa5+ 5. Nd2 Nf6 6. Ngf3 d6 7. e4 g6 8. Be2
Bg7 9. O-O O-O 10. e5 dxe5 11. Nxe5 Nxd5 12. cxd5 Bxe5 13. Nc4 Qc7 14. Nxe5
Qxe5 15. Bc4 Nd7 16. Bh6 Rd8 17. Rad1 Nf6 18. Rfe1 Qd6 19. Qc3 a6 20. a4 Bd7
21. a5 Ne8 22. Rd3 Qf6 23. Qd2 Nd6 24. Ba2 Bf5 25. Rde3 Qh4 26. Rxe7 Ne4 27.
R1xe4 Bxe4 28. d6 Qxe7 29. Qc3 Qf8 30. Bxf8 Rxf8 31. Qf6 Bc6 32. f4 Bd7 33. Qe7
Bb5 34. d7 c4 35. Bb1 Rad8 36. Be4 Rxd7 37. Qf6 Re8 38. Bf3 Rd2 39. h3 Re1+ 40.
Kh2 Rf1 41. Kg3 Rd3 42. Kg4 Rg1 43. Bxb7 Bd7+ 44. Kh4 h6 45. Qxa6 Rh1 46. Qa8+
Kg7 47. Bf3 Rd2 48. Qe4 Be6 49. a6 Ra1 50. Qe5+ Kh7 51. Bb7 Rf2 52. Qe3 Rxf4+
53. Kg3 Rff1 54. a7 Rfd1 55. Be4 Bd5 56. Bxd5 Rd3 57. Qxd3 cxd3 58. a8=Q d2 59.
Qxa1 h5 60. Qd1 g5 61. Qxd2 h4+ 62. Kg4 f5+ 63. Kxf5 Kh6 64. Qd4 Kh7 65. Bc4
Kh6 66. Qh8# 1-0

[Event "Lansing May Mini-Swiss.1"]
[Site "?"]
[Date "1995.05.07"]
[Round "3"]
[White "Ruhlmann, Max"]
[Black "Aldrich, Jeff"]
[Result "0-1"]
[WhiteElo "1755"]
[BlackElo "1900"]
[PlyCount "38"]
[EventDate "1995.??.??"]

1. e4 c6 2. d4 d5 3. e5 Bf5 4. Nc3 e6 5. g4 Bg6 6. h4 h5 7. g5 Ne7 8. Nh3 Nd7
9. Nf4 c5 10. Nxg6 Nxg6 11. f4 cxd4 12. Qxd4 Bc5 13. Qd1 Rc8 14. Bd3 Ne7 15.
Qf3 g6 16. Be3 d4 17. Bxd4 Bxd4 18. Ne4 Nf5 19. Bb5 Qa5+ 0-1

[Event "Lansing May Mini-Swiss.1"]
[Site "?"]
[Date "1995.05.07"]
[Round "1"]
[White "Fuller, William"]
[Black "Aldrich, Jeff"]
[Result "1/2-1/2"]
[WhiteElo "2100"]
[BlackElo "1900"]
[PlyCount "146"]
[EventDate "1995.??.??"]

1. e4 c6 2. d3 d5 3. Nd2 e5 4. Ngf3 Bd6 5. c3 Nf6 6. g3 O-O 7. Bg2 Bg4 8. h3
Bh5 9. O-O Nbd7 10. Re1 Qb6 11. Nf1 Rae8 12. g4 Bg6 13. Ng3 Nc5 14. Nh4 Qa6 15.
Bf1 b5 16. b4 Ne6 17. a4 Rd8 18. exd5 Nxd5 19. Bd2 Qb6 20. axb5 cxb5 21. Nxg6
fxg6 22. Ne4 Bb8 23. Qb3 Kh8 24. Be3 Nxe3 25. Rxe3 Nf4 26. Ra5 Nd5 27. Re2 Nf6
28. Rea2 Nxe4 29. dxe4 Rf4 30. Rxb5 Qc6 31. Rd5 Rdf8 32. Bg2 Bc7 33. c4 Qf6 34.
Qe3 Bb8 35. c5 Qc6 36. Qd3 Qf6 37. Qe2 Qh4 38. f3 h5 39. Qf2 Qf6 40. Rad2 Qc6
41. Qe2 Qa4 42. b5 R4f6 43. Rd8 Qa1+ 44. Kf2 Qc3 45. Rxf8+ Rxf8 46. Qe3 Qb4 47.
b6 axb6 48. cxb6 Kh7 49. gxh5 gxh5 50. h4 Rf6 51. Qg5 Qxb6+ 52. Ke2 Qa6+ 53.
Ke1 Bd6 54. Qxh5+ Kg8 55. Qe8+ Kh7 56. Qh5+ Kg8 57. Kf2 Bc5+ 58. Kg3 Rg6+ 59.
Kh2 Qf6 60. Rc2 Qf4+ 61. Kh1 Qg3 62. Re2 Be3 63. Qf5 Qxh4+ 64. Qh3 Qf4 65. Qc8+
Kh7 66. Qf5 Qg3 67. Qh3+ Rh6 68. Qxh6+ Kxh6 69. Rxe3 Qf4 70. Re2 Kg5 71. Kg1
Kh4 72. Kf2 g5 73. Rc2 g4 1/2-1/2

[Event "Lansing May Mini-Swiss.1"]
[Site "?"]
[Date "1995.05.07"]
[Round "2"]
[White "Aldrich, Jeff"]
[Black "Foote, Greg"]
[Result "0-1"]
[WhiteElo "1900"]
[BlackElo "1722"]
[PlyCount "120"]
[EventDate "1995.??.??"]

1. d4 Nf6 2. c4 c5 3. d5 b5 4. cxb5 a6 5. bxa6 g6 6. Nc3 Bxa6 7. g3 d6 8. Nf3
Bg7 9. Bg2 O-O 10. O-O Qb6 11. a4 Nbd7 12. Rb1 Ng4 13. Qc2 Rfb8 14. h3 Nge5 15.
Rd1 Qb3 16. Qxb3 Rxb3 17. Nd2 Rb6 18. Nde4 Nc4 19. b3 Na5 20. Nb5 Bxb5 21. axb5
Rxb5 22. Bg5 f6 23. Be3 Rxb3 24. Rxb3 Nxb3 25. Rb1 Ra1 26. Rxa1 Nxa1 27. Kf1
Nc2 28. Bc1 Nb6 29. Nc3 f5 30. Nb5 Nb4 31. Nc7 Kf7 32. Ke1 Bc3+ 33. Kd1 Nc4 34.
Bg5 Nb2+ 35. Kc1 Nc4 36. Nb5 Be1 37. g4 fxg4 38. hxg4 Bxf2 39. Nc7 Be3+ 40.
Bxe3 Nxe3 41. Bf3 Kf6 42. Kd2 Nc4+ 43. Ke1 Ne5 44. Kf2 Nxf3 45. Kxf3 Ke5 46. e4
Na2 47. Ke3 c4 48. Ne6 h5 49. gxh5 gxh5 50. Nf4 c3 51. Nd3+ Kf6 52. Ne1 Nb4 53.
Nf3 Na2 54. Kd3 e6 55. dxe6 Kxe6 56. Kc2 d5 57. exd5+ Kxd5 58. Kb3 Ke4 59. Ne1
h4 60. Kxa2 h3 0-1

[Event "Finney Quads (June)"]
[Site "Detroit, Mich."]
[Date "1995.06.03"]
[Round "3"]
[White "Walker, Leroy"]
[Black "Moody, David"]
[Result "1-0"]
[WhiteElo "1937"]
[BlackElo "2000"]
[PlyCount "43"]
[EventDate "1995.06.03"]

1. e4 e5 2. Nf3 Nc6 3. Bb5 a6 4. Bxc6 dxc6 5. O-O Qd6 6. d4 exd4 7. Qxd4 Qxd4
8. Nxd4 Ne7 9. Bf4 f5 10. Bxc7 fxe4 11. Re1 c5 12. Nb3 Bf5 13. Nc3 Nc6 14. Nxe4
Kd7 15. Bb6 c4 16. Rad1+ Kc8 17. Na5 Bb4 18. Nd6+ Bxd6 19. Rxd6 Nxa5 20. Bxa5
Bxc2 21. Rc1 Re8 22. Rxc2 1-0

[Event "Finney Quads (June)"]
[Site "Detroit, Mich."]
[Date "1995.06.03"]
[Round "1"]
[White "Moody, David"]
[Black "Thompson, Dexter"]
[Result "0-1"]
[WhiteElo "2000"]
[BlackElo "2212"]
[PlyCount "40"]
[EventDate "1995.06.03"]

1. e4 e5 2. Nf3 Nc6 3. Bc4 Bc5 4. b4 Bxb4 5. c3 Ba5 6. d4 exd4 7. O-O Nf6 8. e5
Ne4 9. Ba3 d5 10. exd6 cxd6 11. Re1 O-O 12. Rxe4 d5 13. Re1 dxc4 14. Bxf8 Kxf8
15. Qa4 Be6 16. Rd1 d3 17. Qa3+ Qe7 18. Qa4 Qc5 19. Nfd2 b5 20. Ne4 Qe5 0-1

[Event "Finney Quads (June)"]
[Site "Detroit, Mich."]
[Date "1995.06.03"]
[Round "2"]
[White "Jointer, William"]
[Black "Moody, David"]
[Result "0-1"]
[WhiteElo "1700"]
[BlackElo "2000"]
[PlyCount "100"]
[EventDate "1995.06.03"]

1. d4 d5 2. e4 c6 3. e5 Bf5 4. f4 e6 5. h4 h5 6. Nc3 Be7 7. g3 Nh6 8. Be2 Bg4
9. Nf3 Nf5 10. Kf2 c5 11. Ng5 cxd4 12. Bxg4 hxg4 13. Ne2 Qb6 14. Kg2 f6 15.
Nxe6 Qxe6 16. Nxd4 Nxd4 17. Qxd4 Nc6 18. Qa4 fxe5 19. fxe5 O-O 20. Bf4 Rf5 21.
Rhe1 Raf8 22. Rf1 g5 23. Bxg5 Bxg5 24. hxg5 Rxf1 25. Rxf1 Rxf1 26. Kxf1 a6 27.
Qb3 b5 28. Kg2 Nxe5 29. Qe3 Qf5 30. c3 Qf3+ 31. Qxf3 gxf3+ 32. Kf2 Kg7 33. b3
Kg6 34. Ke3 Kxg5 35. a3 Kg4 36. Kd4 f2 37. Kxe5 f1=Q 38. Kxd5 Qd3+ 39. Kc5
Qxc3+ 40. Kb6 Qxb3 41. Kxa6 Qxa3+ 42. Kxb5 Qc3 43. Kb6 Qc4 44. Kb7 Qc5 45. Kb8
Qe7 46. Kc8 Kf5 47. Kb8 Ke6 48. g4 Kd6 49. g5 Kc6 50. Ka8 Qb7# 0-1

[Event "Lansing June Mini-Swiss.2"]
[Site "?"]
[Date "1995.06.11"]
[Round "1"]
[White "Post, Robert"]
[Black "Aldrich, Jeff"]
[Result "1/2-1/2"]
[WhiteElo "1750"]
[BlackElo "1938"]
[PlyCount "67"]
[EventDate "1995.??.??"]

1. Nf3 d5 2. c4 c6 3. cxd5 cxd5 4. d4 Nc6 5. Nc3 Nf6 6. Bf4 Bg4 7. e3 a6 8. h3
Bh5 9. Be2 e6 10. a3 Bd6 11. Bxd6 Qxd6 12. O-O O-O 13. b4 Rfc8 14. Na4 Nb8 15.
Nc5 b6 16. Nd3 Nbd7 17. Nfe5 Bxe2 18. Qxe2 Ne4 19. Rac1 Nf8 20. Qh5 Ng6 21.
Rfd1 Nc3 22. Re1 a5 23. f4 axb4 24. axb4 Na2 25. Rxc8+ Rxc8 26. f5 Nxe5 27.
Nxe5 Qf8 28. fxe6 fxe6 29. Rf1 Rc1 30. Rxc1 Nxc1 31. Nd7 Qf7 32. Qxf7+ Kxf7 33.
Nxb6 Na2 34. b5 1/2-1/2

[Event "Lansing June Mini-Swiss.2"]
[Site "?"]
[Date "1995.06.11"]
[Round "2"]
[White "Aldrich, Jeff"]
[Black "Scriber, Darin"]
[Result "1-0"]
[WhiteElo "1938"]
[BlackElo "1667"]
[PlyCount "49"]
[EventDate "1995.??.??"]

1. d4 Nf6 2. c4 e6 3. Nc3 d5 4. Bg5 Nbd7 5. cxd5 exd5 6. e3 c6 7. Nf3 Bd6 8.
Bd3 O-O 9. O-O Re8 10. a3 a5 11. Rc1 h6 12. Bh4 Nf8 13. Qc2 Bg4 14. Nd2 Bh5 15.
Bg3 Bxg3 16. hxg3 Bg6 17. Ne2 Bxd3 18. Qxd3 Ne4 19. Nxe4 dxe4 20. Qb3 Qd7 21.
Rfd1 Qe7 22. d5 cxd5 23. Rxd5 Nd7 24. Rc7 Red8 25. Qb5 1-0

[Event "Lansing June Mini-Swiss.2"]
[Site "?"]
[Date "1995.06.11"]
[Round "3"]
[White "Aldrich, Jeff"]
[Black "Eckert, William"]
[Result "1-0"]
[WhiteElo "1938"]
[BlackElo "1894"]
[PlyCount "65"]
[EventDate "1995.??.??"]

1. d4 Nf6 2. c4 c5 3. d5 e6 4. Nc3 exd5 5. cxd5 d6 6. e4 g6 7. Bg5 Bg7 8. f3
O-O 9. Qd2 Qb6 10. Nge2 Nbd7 11. Ng3 Re8 12. Be2 h5 13. Nf1 Nh7 14. Be3 Ndf6
15. Rb1 Qd8 16. h4 a6 17. Nd1 Bd7 18. Nf2 Qe7 19. g4 hxg4 20. Ng3 Nh5 21. Nxh5
gxh5 22. fxg4 hxg4 23. Rg1 f5 24. Bh6 Bb5 25. Bxg4 Bd4 26. Bxf5+ Kh8 27. Kd1
Qxh4 28. Bg7+ Bxg7 29. Rh1 Qg3 30. Bxh7 Qf3+ 31. Kc2 Re5 32. Rbg1 Rh5 33. Bg6 {
Moves Missing} 1-0

[Event "Ann Arbor July Action Hexagonal.1"]
[Site "?"]
[Date "1995.07.23"]
[Round "3"]
[White "Rotberg, Victor"]
[Black "Aldrich, Jeff"]
[Result "1/2-1/2"]
[WhiteElo "1763"]
[BlackElo "1938"]
[PlyCount "74"]
[EventDate "1995.??.??"]

1. e4 c6 2. d4 d5 3. Nc3 dxe4 4. Nxe4 Bf5 5. Ng3 Bg6 6. h4 h6 7. Nf3 Nd7 8. h5
Bh7 9. Bd3 Bxd3 10. Qxd3 e6 11. Bf4 Ngf6 12. O-O-O Nd5 13. Bd2 a5 14. a3 b5 15.
Rhe1 Be7 16. Ne4 N7b6 17. Ne5 Qc7 18. Qf3 Bf8 19. Kb1 b4 20. Nc5 Bxc5 21. dxc5
Na4 22. axb4 axb4 23. Bxb4 Nxb4 24. Rd7 Qxd7 25. Nxd7 Kxd7 26. Qxf7+ Kc8 27.
Qxe6+ Kb7 28. Qd7+ Ka6 29. Qd4 Ka5 30. b3 Rhd8 31. Qxg7 Nxc5 32. Qc7+ Ka6 33.
Kb2 Ncd3+ 34. cxd3 Nxd3+ 35. Kc3 Nxe1 36. Qxc6+ Ka7 37. Qc7+ Ka6 1/2-1/2

[Event "Ann Arbor July Action Hexagonal.1"]
[Site "?"]
[Date "1995.07.23"]
[Round "5"]
[White "Fuller, William"]
[Black "Aldrich, Jeff"]
[Result "0-1"]
[WhiteElo "2118"]
[BlackElo "1938"]
[PlyCount "76"]
[EventDate "1995.??.??"]

1. d4 d5 2. c4 c6 3. Nc3 Nf6 4. Nf3 e6 5. cxd5 exd5 6. Qc2 Na6 7. a3 Nc7 8. e3
Bd6 9. Bd3 Qe7 10. b4 O-O 11. h3 Bd7 12. O-O a5 13. b5 cxb5 14. Bd2 Rfc8 15.
Rfb1 b4 16. axb4 Bxb4 17. Ne5 b5 18. Ne2 Bxd2 19. Qxd2 b4 20. Nc1 Nb5 21. Nb3
Nc3 22. Rb2 Nfe4 23. Bxe4 Nxe4 24. Qe1 Bb5 25. Rxa5 Bc4 26. Rxa8 Rxa8 27. f3
Nc3 28. Nc5 Ra2 29. Nxc4 dxc4 30. Rxb4 Ne2+ 31. Kh2 g6 32. Ne4 f5 33. Qb1 Ra7
34. Nc5 Qxe3 35. Rb8+ Kg7 36. Rb7+ Rxb7 37. Qxb7+ Kh6 38. Qc7 Qg1# 0-1

[Event "Ann Arbor July Action Hexagonal.1"]
[Site "?"]
[Date "1995.07.23"]
[Round "2"]
[White "Baze, Lineas"]
[Black "Aldrich, Jeff"]
[Result "1-0"]
[WhiteElo "2060"]
[BlackElo "1938"]
[PlyCount "60"]
[EventDate "1995.??.??"]

1. c4 c6 2. g3 d5 3. cxd5 cxd5 4. d4 Nf6 5. Nf3 Nc6 6. Bg2 Bf5 7. Nc3 e6 8. Bg5
Be7 9. O-O h6 10. Bxf6 Bxf6 11. e3 O-O 12. a3 Rc8 13. Rc1 a5 14. Qb3 Qd7 15.
Na4 Bd8 16. Nc5 Qe8 17. Qxb7 Rb8 18. Qd7 Rxb2 19. Rfd1 Ne7 20. Rd2 Rxd2 21.
Nxd2 Bb6 22. Bf1 e5 23. Qb7 Bxc5 24. Rxc5 exd4 25. exd4 Be6 26. Rxa5 Nf5 27.
Bb5 Qc8 28. Qxc8 Rxc8 29. Ra7 Nxd4 30. Bd7 Rc2 1-0

[Event "Ann Arbor July Action Hexagonal.1"]
[Site "?"]
[Date "1995.07.23"]
[Round "1"]
[White "Aldrich, Jeff"]
[Black "Santiago, Reynaldo"]
[Result "1-0"]
[WhiteElo "1938"]
[BlackElo "2004"]
[PlyCount "83"]
[EventDate "1995.??.??"]

1. d4 Nf6 2. c4 g6 3. Nc3 c5 4. d5 e6 5. e4 exd5 6. cxd5 d6 7. Bg5 Bg7 8. f3 a6
9. a4 Nbd7 10. Nh3 Rb8 11. Be2 O-O 12. Qd2 Re8 13. Nf4 h6 14. Bxf6 Bxf6 15. h4
Bxh4+ 16. Kf1 Bg5 17. g3 Nf6 18. Qd3 Kg7 19. Nh3 Nd7 20. f4 Bf6 21. g4 Qe7 22.
Nf2 g5 23. Qh3 Rh8 24. Nd3 c4 25. e5 dxe5 26. fxe5 Nxe5 27. Nxe5 Qxe5 28. Re1
Qf4+ 29. Kg2 Bd7 30. Rhf1 Qd2 31. Ne4 Bxb2 32. Nxd2 h5 33. Qf3 Rbf8 34. Nxc4
hxg4 35. Qd3 Bf6 36. Nd6 Be5 37. Nf5+ Bxf5 38. Qxf5 Rh2+ 39. Kg1 f6 40. Bd3
Rfh8 41. Qg6+ Kf8 42. Rxf6+ 1-0

[Event "Ann Arbor July Action Hexagonal.1"]
[Site "?"]
[Date "1995.07.23"]
[Round "4"]
[White "Aldrich, Jeff"]
[Black "Gabbara, Faris"]
[Result "0-1"]
[WhiteElo "1938"]
[BlackElo "2200"]
[PlyCount "53"]
[EventDate "1995.??.??"]

1. d4 Nf6 2. c4 e6 3. Nc3 Bb4 4. Qc2 c5 5. dxc5 Na6 6. a3 Bxc3+ 7. Qxc3 Nxc5 8.
g3 Qb6 9. Bg2 Nce4 10. Qe3 Qa5+ 11. b4 Qe5 12. Rb1 d6 13. Nf3 Qc3+ 14. Qxc3
Nxc3 15. Rb3 Na4 16. O-O a5 17. Nd4 Ke7 18. Rd1 axb4 19. axb4 Nb6 20. c5 dxc5
21. bxc5 Nbd5 22. Ba3 Ke8 23. Nb5 Bd7 24. Nd6+ Ke7 25. e4 Nc7 26. c6 Rxa3 27.
Rxa3 0-1

[Event "U.S. Open"]
[Site "Concord, Calif."]
[Date "1995.08.06"]
[Round "1"]
[White "Crane, Mark"]
[Black "Moody, David"]
[Result "1/2-1/2"]
[WhiteElo "1523"]
[BlackElo "2019"]
[PlyCount "81"]
[EventDate "1995.08.06"]

1. d4 Nf6 2. Nf3 g6 3. Bg5 Bg7 4. e3 O-O 5. c4 c5 6. Nc3 cxd4 7. exd4 d6 8. Be2
Bf5 9. O-O Nc6 10. Bh4 a6 11. d5 Nb8 12. Qb3 Nbd7 13. a4 Nc5 14. Qa2 Nfd7 15.
Rac1 Qb6 16. Nd2 Ne5 17. Bxe7 Rfe8 18. a5 Qc7 19. Bg5 Ned3 20. Bxd3 Nxd3 21.
Rcd1 Qc5 22. Na4 Qxa5 23. Nb3 Qb4 24. Be3 b5 25. Nb6 Rab8 26. Bd2 Rxb6 27. Bxb4
bxc4 28. Nd2 Nxb4 29. Qxc4 Bd3 30. Qc7 Nxd5 31. Qd7 Bb5 32. Qg4 Bxf1 33. Nxf1
Nf6 34. Qa4 Rxb2 35. Rxd6 Rbe2 36. Qxa6 Ng4 37. Rd8 h5 38. Rxe8+ Rxe8 39. h3
Nf6 40. Qa4 Re7 41. Qc4 1/2-1/2